| 000 | 00741nam a2200253Ia 4500 | ||
|---|---|---|---|
| 003 | OSt | ||
| 005 | 20220928113313.0 | ||
| 006 | a|||||r|||| 00| 0 | ||
| 007 | ta | ||
| 008 | 220927b |||||||| |||| 00| 0 eng d | ||
| 020 | _cUKP 29.99 | ||
| 024 | _a139123 | ||
| 037 |
_b30, 18/01/2019, Classic Book Service _cTextual |
||
| 040 |
_aSDCL _cSDCL _beng |
||
| 041 |
_2eng _aeng |
||
| 082 | _aR:(Q), Q8 | ||
| 100 |
_aBurns Elizabeth _9432339 |
||
| 245 | 0 | _aWhat is this thing called philosophy of religion? | |
| 260 |
_aLondon _bRoutledge _c2018 |
||
| 300 |
_avi,232p. _ccm. |
||
| 650 | _aPhilosophy | ||
| 942 |
_hR:(Q), Q8 _cTEXL _2CC |
||
| 999 |
_c748887 _d748887 |
||